| 000 | 00476cam a2200193ua 4500 | ||
|---|---|---|---|
| 001 | 4063 | ||
| 008 | 111219n ii |||gr||||Z||||||eng | ||
| 020 | _a81-2202310-9 | ||
| 040 | _cMAIN | ||
| 082 | _a303.4 | ||
| 100 | _aKuppuswamy, B., | ||
| 245 | 1 | 1 |
_aSocial change in india _cby B. Kuppuswamy |
| 250 | _a5th. | ||
| 260 |
_aDelhi: _bKonark publishers pvt. ltd., _c2006. |
||
| 300 |
_a597p: _c23cm. |
||
| 653 | _aSociology | ||
| 653 | _aSocial change in india | ||
| 942 | _cBK | ||
| 999 |
_c3885 _d3885 |
||